000
00327nam a2200145Ia 4500
008
230917s9999||||xx |||||||||||||| ||und||
040
_e
131371
_a
MAIN
041
_a
English
082
_a
330.1 V197M
100
_a
Vaish
245
0
_a
Macroeconomic theory
260
_a
Delhi
_b
Vaish
_c
1973
300
_a
430 p.
942
_c
BK
999
_c
126250
_d
126250